Statistics for NCAA Division 1 Teams Logos Randomized

Click here to take the quiz!

General Stats

  • This quiz has been taken 2,733 times
    (1,730 since last reset)
  • The average score is 20 of 25

Answer Stats

Answer% Correct
Baylor
98%
Georgia
97%
Oklahoma
97%
Texas
97%
Auburn
96%
Florida State
96%
Kentucky
96%
North Carolina
96%
USC
96%
Virginia Tech
96%
Alabama
95%
BYU
95%
Clemson
95%
Iowa
95%
Penn State
95%
Texas A&M
95%
West Virginia
95%
Arizona
94%
Florida
94%
Miami
94%
Michigan
94%
Oregon State
94%
Tennessee
94%
Utah
94%
Wisconsin
94%
Cincinnati
93%
Colorado
93%
Duke
93%
Hawaii
93%
Indiana
93%
Kansas
93%
Louisiana State
93%
Maryland
93%
Michigan State
93%
Notre Dame
93%
Texas Tech
93%
Mississippi State
92%
Nebraska
92%
Oklahoma State
92%
Arkansas
91%
Boston College
91%
Georgia Tech
91%
Iowa State
91%
Northwestern
91%
Oregon
91%
Rutgers
91%
Stanford
91%
Syracuse
91%
Vanderbilt
91%
Air Force
90%
Illinois
90%
Kansas State
90%
Massachusetts
90%
Minnesota
90%
North Carolina State
90%
Temple
90%
Utah State
90%
Virginia
90%
Wake Forest
90%
Washington
90%
Arizona State
89%
Purdue
89%
South Carolina
88%
Colorado State
86%
Connecticut
86%
Appalachian State
85%
Navy
85%
Ohio State
84%
Ole Miss
83%
Rice
82%
San Diego State
82%
TCU
82%
Bowling Green
81%
Louisiana Tech
81%
Memphis
80%
USF
80%
East Carolina
79%
Marshall
79%
Tulane
79%
FAU
78%
Kent State
78%
Wyoming
78%
Boise State
76%
Fresno State
76%
Washington State
76%
Central Michigan
74%
Buffalo
73%
Coastal Carolina
73%
Eastern Michigan
73%
UAB
73%
Ball State
72%
Sam Houston
72%
Troy
72%
Western Kentucky
72%
Liberty
71%
Middle Tennessee
71%
Ohio
71%
San Jose State
71%
New Mexico State
66%
Old Dominion
66%
Army
65%
North Texas
65%
Toledo
65%
UTSA
65%
UCF
64%
UTEP
64%
Arkansas State
63%
Texas State
63%
Akron
62%
Miami Ohio
61%
Southern Methodist
61%
Louisiana Monroe
60%
Southern Miss
60%
California
59%
Charlotte
59%
James Madison
58%
South Alabama
58%
UCLA
57%
Louisiana
55%
Georgia Southern
54%
Pitt
54%
Western Michigan
53%
FIU
52%
Georgia State
47%
Missouri
45%
Northern Illinois
44%
UNLV
31%
Nevada
29%
Jacksonville State
23%
New Mexico
10%

Score Distribution

Percentile by Number Answered

Percent of People with Each Score

Your Score History

You have not taken this quiz since the last reset